• 首页
  • 本馆介绍
  • 公告通知
  • 最新文献
  • 馆藏检索
  • 电子资源
  • 读者导购
  • 参考咨询
  • 我的图书馆
  • 登录
  • 详细信息显示
  • 放入我的书架
  • 预约/预借图书
  • 作者相关作品
  • 分类相关作品
  • 丛书相关作品
  • 出版社相关作品

书目信息

  • 表格格式
  • 工作单格式
  • 卡片格式
题名:
走进大文豪的家
    
 
作者: 钱纳 著 ;杨献军 译
分册:  
出版信息: 北京   北京联合出版公司  2017
页数: 271页
开本: 21cm
丛书名:
单 册:
中图分类: K835.615.6 , I561.06
科图分类:
主题词: 作家--zuo jia--生平事迹--英国 , 英国文学--ying guo wen xue--文学评论
电子资源:
ISBN: 978-7-5596-0400-2
000 01490cam0 2200313 450
001 012001008800
005 20140102150053.0
010    @a978-7-5596-0400-2@dCNY45.00
099    @aCAL 012017123010
100    @a20170620d2017 em y0chiy50 ea
101 1  @achi@ceng
102    @aCN@b110000
105    @aa a 000yc
106    @ar
200 1  @a走进大文豪的家@Azou jin da wen hao de jia@f(英) 尼克·钱纳著@d= Writers' house@ewhere great books began@fNick Channer@g杨献军译@zeng
210    @a北京@c北京联合出版公司@d2017
215    @a271页@c图@d21cm
314    @a尼克·钱纳, 是一位专业作家, 也是多家报刊杂志的特约撰稿人, 其中包括《每日电讯报》《乡村生活》和《苏格兰杂志》。
320    @a有书目 (第269-270页)
330    @a本书从一些广受欢迎的作家的日常生活的视角出发, 探讨了作家周围的事物包括房屋对他们写作的影响。其中包括阿加莎·克里斯蒂隐居在英格兰西南部时的住所, 伊夫林·沃晚期作品《旧地重游》中的原型--伍斯特郡的乡间别墅, 莎士比亚童年时居住在斯特拉特福小镇的木头小屋, 还有激发夏洛克·福尔摩斯系列故事灵感的东萨塞克斯郡内的小花园。通过探索这些再平常不过的建筑, 了解那些鲜活的人物背后的故事。
500 10 @aWriters' house : where great books began@mChinese
606 0  @a作家@Azuo jia@x生平事迹@y英国
606 0  @a英国文学@Aying guo wen xue@x文学评论
690    @aK835.615.6@v5
690    @aI561.06@v5
701  1 @a钱纳@Aqian na@g(Channer, Nick)@4著
702  0 @a杨献军@Ayang xian jun@4译
801  2 @aCN@b上海新华@c20191020
905    @b1185882-5@dK835.615.6@e1058@f4
    
    走进大文豪的家/(英) 尼克·钱纳著= Writers' house:where great books began/Nick Channer/杨献军译.-北京:北京联合出版公司,2017
    271页:图;21cm
    
    
    ISBN 978-7-5596-0400-2:CNY45.00
    本书从一些广受欢迎的作家的日常生活的视角出发, 探讨了作家周围的事物包括房屋对他们写作的影响。其中包括阿加莎·克里斯蒂隐居在英格兰西南部时的住所, 伊夫林·沃晚期作品《旧地重游》中的原型--伍斯特郡的乡间别墅, 莎士比亚童年时居住在斯特拉特福小镇的木头小屋, 还有激发夏洛克·福尔摩斯系列故事灵感的东萨塞克斯郡内的小花园。通过探索这些再平常不过的建筑, 了解那些鲜活的人物背后的故事。
●
相关链接 在E读中查询图书 在五车中查询图书 在当当中查询图书 在豆瓣中查询图书


正题名:走进大文豪的家     索取号:K835.615.6/1058         预约/预借

序号 登录号 条形码 馆藏地/架位号 状态 备注
1 1185882   211858827   第二样本阅览室/ [索取号:K835.615.6/1058] 在馆    
2 1185883   211858836   第二借阅区/ [索取号:K835.615.6/1058] 在馆    
3 1185884   211858845   第二借阅区/ [索取号:K835.615.6/1058] 在馆    
4 1185885   211858854   第二借阅区/ [索取号:K835.615.6/1058] 在馆    
唐山师范学院图书馆 欢迎您!
大连网信软件有限公司© 版权所有